The Day I Stopped Drinking Milk (Record no. 138033)

MARC details
000 -LEADER
fixed length control field 00531nam a22002057a 4500
003 - CONTROL NUMBER IDENTIFIER
control field OSt
005 - DATE AND TIME OF LATEST TRANSACTION
control field 20260423144109.0
008 - FIXED-LENGTH DATA ELEMENTS--GENERAL INFORMATION
fixed length control field 260423b |||||||| |||| 00| 0 eng d
020 ## - INTERNATIONAL STANDARD BOOK NUMBER
International Standard Book Number 9780143418658
040 ## - CATALOGING SOURCE
Transcribing agency SBCL
082 ## - DEWEY DECIMAL CLASSIFICATION NUMBER
Classification number 823
Item number MUR-D
100 ## - MAIN ENTRY--PERSONAL NAME
Personal name Murty, Sudha
245 ## - TITLE STATEMENT
Title The Day I Stopped Drinking Milk
260 ## - PUBLICATION, DISTRIBUTION, ETC.
Place of publication, distribution, etc. Haryana
Name of publisher, distributor, etc. Penguin Random House India Pvt. Ltd
Date of publication, distribution, etc. 2025
300 ## - PHYSICAL DESCRIPTION
Extent 212p.
630 ## - SUBJECT ADDED ENTRY--UNIFORM TITLE
General subdivision Literature
650 ## - SUBJECT ADDED ENTRY--TOPICAL TERM
Topical term or geographic name entry element English & Old English literatures
650 ## - SUBJECT ADDED ENTRY--TOPICAL TERM
Topical term or geographic name entry element English fiction
942 ## - ADDED ENTRY ELEMENTS (KOHA)
Koha item type BOOK
Holdings
Withdrawn status Lost status Source of classification or shelving scheme Damaged status Not for loan Collection code Home library Current library Date acquired Total Checkouts Full call number Barcode Shelving location Date last seen Cost, replacement price Price effective from Koha item type
    Dewey Decimal Classification     General Collection SB LIBRARY SB LIBRARY 23/04/2026   823 MUR-D 143404 GENERAL STACK 23/04/2026 299.00 23/04/2026 BOOK

Powered by Koha